| 000 | 00351nam a2200109 4500 | ||
|---|---|---|---|
| 999 |
_c15178 _d15178 |
||
| 008 | 200305b ||||| |||| 00| 0 eng d | ||
| 245 | _aFb moves vs indiscriminate sharing of intimate content. | ||
| 260 |
_aPhilippines; _bThe Philippine Star, _c©2019. |
||
| 300 |
_apage 2; _c29.5cm. |
||
| 650 |
_aElectronic discussion groups. _941938 |
||
| 942 |
_2ddc _cPER |
||